| 000 | 00703nam a2200205 i 4500 | ||
|---|---|---|---|
| 001 | 22152 | ||
| 003 | ES-MaACL | ||
| 005 | 20251019063037.0 | ||
| 007 | t| | ||
| 008 | 181210s1956 sp ||||1| spa d | ||
| 100 | 1 |
_aDostoievski, Fiódor, _d1821-1881 _9242371 |
|
| 245 | 1 | 4 |
_aLos hermanos Karamázov / _cFedor Dostoyevski ; [traducción directa del ruso por Nicolás Hartong ; introducción y notas de Luis de Castresana]. |
| 250 | _a[1ª ed.]. | ||
| 260 |
_aBarcelona : _bA. H. R., _c[1956] |
||
| 300 |
_a1 v. : _b1 lám. retr. aut. ; _c22 cm. |
||
| 700 | 1 |
_aHartong, Nicolás. _9165730 |
|
| 700 | 0 |
_aCastresana, Luis de. _936806 |
|
| 852 |
_aES-MaACL _jC-10258 |
||
| 999 |
_c22152 _d22152 |
||